00761naa#a2200169#i#4500001001600000005001700016011001400033100004100047102000700088200016200095210012800257215001000385608004500395675007900440700005600519856001600575RU\\bibl\12027820260417212027.5##a1819-4036##a20210331b2021####ek#y0rusy0150####ca##aRU1#aПАТОМОРФОЛОГИЯ АПОСТЕМАТОЗНОГО НЕФРИТА У КРУПНОГО РОГАТОГО СКОТАeЖурнальная статья1#aКрасноярскcКрасноярский государственный аграрный университетd2021##a9 с.##aЖурнальная статья2local##aСравнительная патология. Ветеринария. 619#1aВахрушеваgТатьяна Ивановна4#asej.kgau.ru